|
|
|
|
| LEADER |
00000nam0a2200000 4500 |
| 001 |
66802 |
| 005 |
20231031072821.0 |
| 035 |
|
|
|a (RuTPU)RU\TPU\book\71058
|
| 035 |
|
|
|a RU\TPU\book\53599
|
| 090 |
|
|
|a 66802
|
| 100 |
|
|
|a 20040907d1958 km y0rusy50 ca
|
| 101 |
0 |
|
|a rus
|
| 102 |
|
|
|a RU
|
| 105 |
|
|
|a a z 001zy
|
| 200 |
1 |
|
|a Производство электрических ламп накаливания
|f Л. Г. Ульмишек
|
| 205 |
|
|
|a 4-е изд., перераб. и доп.
|
| 210 |
|
|
|a Москва
|a Ленинград
|c Госэнергоиздат
|d 1958
|
| 215 |
|
|
|a 536 с.
|c ил.
|
| 320 |
|
|
|a Библиогр.: с. 529-530
|
| 320 |
|
|
|a Алф. указ.: с.531-536
|
| 610 |
1 |
|
|a электрические лампы накаливания
|
| 610 |
1 |
|
|a производство
|
| 610 |
1 |
|
|a устройство
|
| 610 |
1 |
|
|a газы
|
| 610 |
1 |
|
|a стекло
|
| 610 |
1 |
|
|a тугоплавкие проволоки
|
| 610 |
1 |
|
|a испытание
|
| 675 |
|
|
|a 621.321
|v 3
|
| 700 |
|
1 |
|a Ульмишек
|b Л. Г.
|g Лев Григорьевич
|
| 801 |
|
1 |
|a RU
|b 63413507
|c 20030428
|g PSBO
|
| 801 |
|
2 |
|a RU
|b 63413507
|c 20040907
|g PSBO
|
| 942 |
|
|
|c BK
|